000 00700cam a22002174i 4500
999 _c57440
_d57440
001 18373048
005 20221107121354.0
008 141114s2014 paua b 001 0 eng
020 _a9780808924517 X
041 _aeng
080 _a611(084.4) N-47
100 1 _aNetter, Frank H.
_q(Frank Henry),
_d1906-1991.
_98646
245 1 0 _aAtlas of human anatomy /
_cFrank H. Netter, MD.
250 _aSixth edition.
264 1 _aPhiladelphia, PA :
_bSaunders/Elsevier,
_c2014.
300 _av. :
_billustrations. (chiefly color) ;
_c29 cm.
653 _aმედიცინა
653 _aადამიანია ანატომია
653 _aატლასი
942 _2udc
_cBK